| LEADER | 00429cam a2200157 7i4500 | ||
|---|---|---|---|
| 001 | 0000006402 | ||
| 005 | 19991025090000.0 | ||
| 002 | ##000008089 | ||
| 020 | 0 | 0 | |a T000006171 |
| 090 | 0 | 0 | |a M 336.109595 |b BEL |
| 245 | 0 | 0 | |a Belanjawan 1998. |
| 260 | 0 | 0 | |a Petaling Jaya: |b Jabatan Penerangan Malaysia, |c 1997. |
| 300 | 0 | 0 | |a 128p.. |
| 650 | 0 | 0 | |a Budget -- |z Malaysia |
| 651 | 0 | 0 | |a Malaysia |
| 999 | |a 0000009398 |b Book |c Open shelf |e Business Information Centre | ||